LDR 00724naa#a2200181#i#450# 001 EN\\bibl\20049 005 20260701185742.3 100 ## _a20260630b2026####ek#y0engy0150####ca 102 ## _aRU 200 1# _aSTANDARDS OF ARTIFICIAL INTELLIGENCE IN ROAD TRANSPORT _eConference article/thesis 210 1# _aVoronezh _cFSBE Institution of Higher Education Voronezh State University of Forestry and Technologies named after G.F. Morozov _d2026 215 ## _a3 с. 608 ## _aConference article/thesis _2local 675 ## _aИдентификация, моделирование, параметры и т. п.. 681.5.015 _z 700 #1 _aAnikeev _gE. A. 700 #1 _aAkimenko _gAndrey Vladimirovich 700 #1 _aAvilov _gYu. O. 856 4# _abibl.vgltu.ru _u